000
00296nam a2200121Ia 4500
005
20251222153525.0
008
251222s9999||||xx |||||||||||||| ||spa||
020
_a
84-7758-281-5
082
_a
REF.912/C64
245
0
_a
Atlas del mundo:
264
_b
Club Internacional del Libro,
942
_c
LIB
999
_c
29872
_d
29872